Bairros de Paulista em um mapa - Statistics

Estatísticas Gerais
  • Esse quiz foi jogado 84 vezes
  • A pontuação média é 16 de 24
Respostas no mapa
Respostas codificadas por cores de uma escala verde-vermelha no mapa do quiz de acordo com a % correta abaixo.
 
Estatísticas das Respostas
Bairro % Correto
Janga
89%
Maria Farinha
89%
Centro
86%
Jardim Paulista
86%
Maranguape I
82%
Maranguape II
82%
Paratibe
82%
Pau Amarelo
79%
Vila Torres Galvão
75%
Jaguaribe
71%
Arthur Lundgren II
68%
Jaguarana
68%
Arthur Lundgren I
64%
Engenho Maranguape
64%
Mirueira
64%
Nobre
64%
Nossa Senhora da Conceição
64%
Nossa Senhora do Ó
64%
Fragoso
61%
Jardim Maranguape
61%
Tabajara
43%
Poty
36%
Jardim Velho
32%
Parque do Janga
29%
Nenhum quiz correspondente encontrado
Distribuição das Pontuações
Porcentagem de Pessoas com Cada Pontuação
Percentil de Números Respondidos
Sua Pontuação Histórica
Você não jogou esse quiz